Aeration in wastewater treatment /
Guardado en:
| Autores Corporativos: | , |
|---|---|
| Formato: | Libro |
| Idioma: | English |
| Publicado: |
[Washington :
Water Pollution Control Federation,
1971]
|
| Series: | Manual of practice ;
no. 5 |
| Materias: | |
| Etiquetas: |
Agregar Etiqueta
Sin Etiquetas, Sea el primero en etiquetar este registro!
|
| LEADER | 01040cam a22002535a 4500 | ||
|---|---|---|---|
| 001 | EIQ.libpla004177 | ||
| 008 | 711007r19711952dcua#####b####000#0#eng#d | ||
| 005 | 20080908161123.0 | ||
| 245 | 1 | 0 | |a Aeration in wastewater treatment / |c prepared under direction of the Technical Practice Committee. |
| 260 | |a [Washington : |b Water Pollution Control Federation, |c 1971] | ||
| 300 | |a vi, 90 p. : |b il. ; |c 26 cm. | ||
| 440 | 0 | |a Manual of practice ; |v no. 5 | |
| 500 | |a 1952 ed. publicado bajo el título: Air diffusion in sewage works. | ||
| 504 | |a Bibliografía: p. 86-89. | ||
| 710 | 2 | |a Water Pollution Control Federation. |b Technical Practice Committee. | |
| 082 | 0 | 0 | |a 628/.354 |
| 650 | 4 | |a Aguas residuales |x Aireación. | |
| 650 | 4 | |a Aguas residuales |x Purificación. | |
| 650 | 4 | |a Sewage |x Purification. | |
| 650 | 4 | |a Sewage |x Aeration. | |
| 010 | |a 70028977 | ||
| 040 | |a DLC |c DLC |d AR-BbSID | ||
| 110 | 2 | |a Water Pollution Control Federation. |b Subcommittee on Aeration in Wastewater Treatment. | |
| 859 | |a AR-BbSID |b BIB. PLAPIQUI |h 628.168 |i W 291 |p 2867 | ||
